00756 a2200205 4500999001900000005001700019010001500036020003100051035001400082037001600096082001500112100001800127245007900145250000900224260005200233270008000285300002200365942003400387952012900421 c183024d18302420211215112530.0 aENG-130315 c1150.00a978-93-81345-55-9 aEN-113847 bDBAD / PUB a305.420954 aPan, Anandita aMapping Dalit Feminism Towards an intersectional Standpoint:cAnandita Pan a2021 bSage Publication India Pvt Ltdc2021aNew Delhi aB-1/i-i, Mohan Cooperative Industrial Area, Mathura RoadbNew Delhie110044 a265p.c22cm (hbk) adplcEN2ddch305.420954mPAN 001040708NFICaBL4bBL4d2021-12-15eDBAD/PUBg1150.00l0o305.420954 PANpEN-113847r2021-12-15 00:00:00t1v1150.00yEN